| 000 | 00441nam a22001577a 4500 | ||
|---|---|---|---|
| 005 | 20150514153525.0 | ||
| 008 | 150514b xxu||||| |||| 00| 0 eng d | ||
| 020 | _a9694741181 | ||
| 040 | _cPK-LaUMT | ||
| 082 |
_aKHC 301 _bMUZ-S |
||
| 100 | _aمظفر حسن ملک | ||
| 245 |
_aثقافتی بشریات _cمظفر حسن ملک |
||
| 260 |
_aاسلام آباد _bمقتدرہ قومی زبان _c2004 |
||
| 300 | _a481 ص | ||
| 942 | _cBK | ||
| 999 |
_c71911 _d71911 |
||